000 00935nam a2200289 i 4500
001 185592
003 SpMaBN
005 20251005063139.0
008 160720s1999 sp |||| | spa d
020 _a84-322-0833-7
080 _a248.147
080 _a616-009.7
100 1 _aLe Breton, David,
_d1953-
_9160183
245 1 0 _aAntropología del dolor /
_cDavid Le Breton ; [traducción del francés por Daniel Alcoba].
250 _a1ª ed.
260 _aBarcelona :
_bSeix Barral,
_c1999.
300 _a284 p. ;
_c23 cm.
490 1 _aLos tres mundos
504 _aBibliografía: p. 271-280.
650 0 7 _aSufrimiento.
_917257
650 0 7 _aDolor
_2embne
_911964
650 7 _aCuerpo humano-
_xAspectos sociales.
_9160184
650 7 _aCuerpo humano-
_xAspectos simbólicos.
_911507
830 0 _aLos tres mundos
_9179717
852 _aES-MaACL
_jL-30467
_z. - Donat. Miguel A. Velasco
999 _c185592
_d185592